<?xml version="1.0" encoding="UTF-8"?>
<record
    xmlns:xsi="http://www.w3.org/2001/XMLSchema-instance"
    xsi:schemaLocation="http://www.loc.gov/MARC21/slim http://www.loc.gov/standards/marcxml/schema/MARC21slim.xsd"
    xmlns="http://www.loc.gov/MARC21/slim">

  <leader>01196nab a22002177a 4500</leader>
  <datafield tag="999" ind1=" " ind2=" ">
    <subfield code="c">6058</subfield>
    <subfield code="d">6058</subfield>
  </datafield>
  <controlfield tag="003">OSt</controlfield>
  <controlfield tag="005">20260120235357.0</controlfield>
  <controlfield tag="008">190514b        xxu||||| |||| 00| 0 spa d</controlfield>
  <datafield tag="040" ind1=" " ind2=" ">
    <subfield code="c">PJ</subfield>
  </datafield>
  <datafield tag="100" ind1=" " ind2=" ">
    <subfield code="9">6840</subfield>
    <subfield code="a">Berra, Elisabeth I. </subfield>
  </datafield>
  <datafield tag="245" ind1="1" ind2="3">
    <subfield code="a">El derecho a morir dignamente desde una perspectiva constitucional /</subfield>
    <subfield code="c">Elisabeth I. Berra. </subfield>
  </datafield>
  <datafield tag="300" ind1=" " ind2=" ">
    <subfield code="a">p. 192-203</subfield>
  </datafield>
  <datafield tag="500" ind1=" " ind2=" ">
    <subfield code="a">Cita: TR LALEY AR/DOC/258/2024.</subfield>
  </datafield>
  <datafield tag="505" ind1=" " ind2=" ">
    <subfield code="a">Sumario: I. Introducci&#xF3;n.&#x2014; II. El caso "S. O., R. M. y otros c. Municipalidad de C&#xF3;rdoba".&#x2014; III. El derecho a una muerte digna en el sistema jur&#xED;dico argentino.&#x2014; IV. El derecho a la objeci&#xF3;n de conciencia de los profesionales de la salud.&#x2014; V. Reflexiones finales. </subfield>
  </datafield>
  <datafield tag="505" ind1=" " ind2=" ">
    <subfield code="t">Fallo comentado:  TS C&#xF3;rdoba, sala electoral, de comp. originaria y asuntos institucionales ~ 02/11/2023 ~ S. O., R. M. y otros c. Municipalidad de C&#xF3;rdoba s/ amparo ley 4915.</subfield>
  </datafield>
  <datafield tag="650" ind1=" " ind2="0">
    <subfield code="9">967</subfield>
    <subfield code="a">DERECHO DE FAMILIA</subfield>
  </datafield>
  <datafield tag="650" ind1=" " ind2="0">
    <subfield code="9">1271</subfield>
    <subfield code="a">MUERTE DIGNA</subfield>
  </datafield>
  <datafield tag="650" ind1=" " ind2="0">
    <subfield code="9">1057</subfield>
    <subfield code="a">JURISPRUDENCIA APLICABLE</subfield>
  </datafield>
  <datafield tag="773" ind1="0" ind2=" ">
    <subfield code="0">2844</subfield>
    <subfield code="9">3222</subfield>
    <subfield code="d">Buenos Aires : AbeledoPerrot, 1989-</subfield>
    <subfield code="t">Derecho de familia. Revista Interdisciplinaria de doctrina y jurisprudencia. Abril 2024-II.</subfield>
    <subfield code="z">18511201</subfield>
  </datafield>
  <datafield tag="942" ind1=" " ind2=" ">
    <subfield code="2">udc</subfield>
    <subfield code="c">ANA</subfield>
  </datafield>
</record>
